000 00403nam a22001697a 4500
999 _c1777
_d1776
005 20210831105308.0
008 160526b xxu||||| |||| 00| 0 eng d
020 _a978-81-7194-551-1
041 _aeng
082 _b5079
_a346.066
100 _aMAJUMDAR. A K
_96838
245 _aCompany Law
260 _aNew Delhi
_bAcademic Faundation
300 _a29.8
650 _aManagement
_9241
942 _cBK